Proceedings of the Fourth IIASA Task Force Meeting on Input-Output Modeling (Record no. 4853)
[ view plain ]
| 000 -LEADER | |
|---|---|
| fixed length control field | 00596nam a22002057i 4500 |
| 001 - CONTROL NUMBER | |
| control field | 4994 |
| 003 - CONTROL NUMBER IDENTIFIER | |
| control field | OSt |
| 005 - DATE AND TIME OF LATEST TRANSACTION | |
| control field | 20170126082341.0 |
| 007 - PHYSICAL DESCRIPTION FIXED FIELD--GENERAL INFORMATION | |
| fixed length control field | tu |
| 008 - FIXED-LENGTH DATA ELEMENTS--GENERAL INFORMATION | |
| fixed length control field | 161220s1983 xxu||||| |||| 00| 0 d |
| 020 ## - INTERNATIONAL STANDARD BOOK NUMBER | |
| International Standard Book Number | 3-7045-0071-2 |
| 024 7# - OTHER STANDARD IDENTIFIER | |
| Standard number or code | 4994 |
| Source of number or code | RID |
| 024 7# - OTHER STANDARD IDENTIFIER | |
| Standard number or code | 4994 |
| Source of number or code | RSN (alt) |
| 040 ## - CATALOGING SOURCE | |
| Transcribing agency | OSt |
| 100 1# - MAIN ENTRY--PERSONAL NAME | |
| Personal name | Smyshlyaev, Anatoli |
| Relator term | Ed. |
| 245 00 - TITLE STATEMENT | |
| Title | Proceedings of the Fourth IIASA Task Force Meeting on Input-Output Modeling |
| 260 ## - PUBLICATION, DISTRIBUTION, ETC. | |
| Place of publication, distribution, etc. | Laxenburg : |
| Name of publisher, distributor, etc. | IIASA,International Institute for Applied System Analysis, |
| Date of publication, distribution, etc. | 1983. |
| 300 ## - PHYSICAL DESCRIPTION | |
| Dimensions | 21cm |
| 490 ## - SERIES STATEMENT | |
| Series statement | IIASA Collaborative Proceedings Series |
| Volume/sequential designation | CP-83-S5 |
| 942 ## - ADDED ENTRY ELEMENTS (KOHA) | |
| Koha item type | Book |
| Withdrawn status | Lost status | Damaged status | Not for loan | Home library | Current library | Shelving location | Date acquired | Inventory number | Total Checkouts | Full call number | Barcode | Date last seen | Price effective from | Koha item type |
|---|---|---|---|---|---|---|---|---|---|---|---|---|---|---|
| WIIW | WIIW | Corridor | 05/28/2001 | 4994 | 3.577 | 10000312 | 01/26/2017 | 01/26/2017 | Book |
